PARAMETRE MIKROKLÍMY A SYSTÉM TUNELOVÉHO VETRANIA V OBJEKTE PRE USTAJNENIE VÝKRMOVÝCH OŠÍPANÝCH

Bibliographic Details
Main Authors: Botto, Ľubomír, 1954- (Author), Lendelová, Jana (Author)
Format: Article
Language:Slovak

MARC

LEADER 00000naa a2200000uu 4500
001 vtls011075412
003 SK-MaSNL
005 20260302111528.0
008 210908|2007 xo |||||||||||||||||slo|
015 |a SNBRA 
035 |a (urnnbn)urn:nbn:sk:snk:ar-a0ce18 
035 |a (uuid)461b1771-8200-4c39-a708-a406d121b7e8 
035 |a urn:nbn:sk:snk-aavk7b 
040 |a SNKBUCL  |b slo  |c SNKBUCL  |e AACR2 
041 0 |a slo 
044 |a xo  |c SK 
100 1 |a Botto, Ľubomír,  |d 1954-  |4 aut  |9 9261 
245 1 0 |a PARAMETRE MIKROKLÍMY A SYSTÉM TUNELOVÉHO VETRANIA V OBJEKTE PRE USTAJNENIE VÝKRMOVÝCH OŠÍPANÝCH  |c Ľubomír Botto, Jana Lendelová 
700 1 |a Lendelová, Jana  |4 aut  |9 40311 
773 0 |t Vnútorná klíma poľnohospodárskych objektov  |d Bratislava : Slovenská spoločnosť pre techniku prostredia ZSVTS, 2007  |g S. 32-37  |z 9788089216147 
958 |a OND 
958 |a article12 
958 |a chapter 
999 |c 1248021  |d 1249951